Integrated pest management (Record no. 77462)

MARC details
000 -LEADER
fixed length control field 00504nam a2200145 a 4500
008 - FIXED-LENGTH DATA ELEMENTS--GENERAL INFORMATION
fixed length control field 120416s0000 ||||||||||||||||| || u
020 ## - INTERNATIONAL STANDARD BOOK NUMBER
International Standard Book Number 0412573709
050 ## - LIBRARY OF CONGRESS CALL NUMBER
Classification number SB 950 Den
100 ## - MAIN ENTRY--PERSONAL NAME
Personal name Dent, David
245 10 - TITLE STATEMENT
Title Integrated pest management
260 ## - PUBLICATION, DISTRIBUTION, ETC.
Place of publication, distribution, etc. London
Name of publisher, distributor, etc. Chapman & Hall
Date of publication, distribution, etc. 1995
300 ## - PHYSICAL DESCRIPTION
Extent xii, 356 pages : illustrations
350 ## -
-- 0.00
995 ## -
-- ANNEX COLLECTION (Main Library)
-- 0.00
-- 025350
-- CBU-MAIN LIBRARY (Kitwe)
-- 1
-- 50.00
-- SB 950 Den
-- AVAILABLE
-- 025350
-- Annex Low-Usage Collection
999 ## -
-- 77462
-- 77462
Holdings
Withdrawn status Lost status Source of classification or shelving scheme Damaged status Not for loan Permanent Location Current Location Shelving location Date acquired Total Checkouts Full call number Barcode Date last seen Copy number Price effective from Koha item type
          CBU-MAIN LIBRARY, KITWE. CBU-MAIN LIBRARY, KITWE.   04/27/2023   SB 950 Den 025350 04/27/2023 1 04/27/2023 MONOGRAPH